MARC details
| 000 -LEADER |
| campo de control de longitud fija |
01728nam a2200397 i 4500 |
| 001 - NÚMERO DE CONTROL |
| campo de control |
194651 |
| 003 - IDENTIFICADOR DE NÚMERO DE CONTROL |
| campo de control |
SpMaBN |
| 005 - FECHA Y HORA DE LA ÚLTIMA TRANSACCIÓN |
| campo de control |
20241211133500.0 |
| 007 - CAMPO FIJO DE DESCRIPCIÓN FÍSICA--INFORMACIÓN GENERAL |
| campo de control de longitud fija |
ta |
| 008 - DATOS DE LONGITUD FIJA--INFORMACIÓN GENERAL |
| campo de control de longitud fija |
240510s1854 sp | |||| 000 0 spa |
| 016 7# - NÚMERO DE CONTROL DE UNA AGENCIA BIBLIOGRÁFICA NACIONAL |
| Número de control del registro |
bimoBNE19993949612 |
| Número de control cancelado/no válido |
IND9300556564 |
| Fuente |
SpMaBN |
| 035 ## - NÚMERO DE CONTROL DEL SISTEMA |
| Número de control de sistema |
(OCoLC)48289265 |
| 035 ## - NÚMERO DE CONTROL DEL SISTEMA |
| Número de control de sistema |
bimo0001144097 |
| 040 ## - FUENTE DE CATALOGACIÓN |
| Centro catalogador/agencia de origen |
SpMaBN |
| Lengua de catalogación |
spa |
| Centro/agencia transcriptor |
A2 |
| Centro/agencia modificador |
SpMaBN |
| Normas de descripción |
ES-MaACL |
| 080 ## - NÚMERO DE LA CLASIFICACIÓN DECIMAL UNIVERSAL |
| Número de la Clasificación Decimal Universal |
94(460) |
| 100 1# - ENTRADA PRINCIPAL--NOMBRE DE PERSONA |
| Nombre de persona |
Mariana, Juan de, |
| Fechas asociadas al nombre |
1536-1624 |
| Número de control del registro de autoridad o número normalizado |
XX1120693 |
| 9 (RLIN) |
76675 |
| 245 10 - MENCIÓN DEL TÍTULO |
| Título |
Obras del padre Juan de Mariana / |
| Mención de responsabilidad, etc. |
colección dispuesta y revisada, con un discurso preliminar, por F.P. y M. |
| 260 ## - PUBLICACIÓN, DISTRIBUCIÓN, ETC. |
| Lugar de publicación, distribución, etc. |
Madrid : |
| Nombre del editor, distribuidor, etc. |
M. Rivadeneyra, |
| Fecha de publicación, distribución, etc. |
1854. |
| 300 ## - DESCRIPCIÓN FÍSICA |
| Extensión |
2 v. (LII, 534; 632 p.) ; |
| Dimensiones |
26 cm |
| 336 ## - TIPO DE CONTENIDO |
| Término de tipo de contenido |
Texto (visual) |
| Fuente |
isbdcontent |
| 337 ## - TIPO DE MEDIO |
| Nombre/término del tipo de medio |
sin mediación |
| Fuente |
isbdmedia |
| 338 ## - TIPO DE SOPORTE |
| Fuente |
rdacarrier |
| Nombre/término del tipo de soporte |
volumen |
| 490 1# - MENCIÓN DE SERIE |
| Mención de serie |
Biblioteca de autores españoles, desde la formación del lenguaje hasta nuestros días ; |
| Designación de volumen o secuencia |
30-31 |
| 500 ## - NOTA GENERAL |
| Nota general |
Catalogación provisional. DB-40-41. Despachos-Biblioteca |
| 530 ## - NOTA DISPONIBLE DE FORMULARIO FÍSICO ADICIONAL |
| Nota de formato físico adicional disponible |
Disponible en formato digital |
| 651 #4 - PUNTO DE ACCESO ADICIONAL DE MATERIA--NOMBRE GEOGRÁFICO |
| Nombre geográfico |
España- |
| Subdivisión general |
Historia |
| Fuente del encabezamiento o término |
embne |
| 9 (RLIN) |
8209 |
| 700 1# - ENTRADA AGREGADA--NOMBRE PERSONAL |
| Nombre de persona |
Pi y Margall, Francisco, |
| Fechas asociadas al nombre |
1824-1901 |
| Número de control del registro de autoridad o número normalizado |
http://datos.bne.es/resource/XX1026522 |
| 9 (RLIN) |
91732 |
| 830 ## - PUNTO DE ACCESO ADICIONAL DE SERIE-TÍTULO UNIFORME |
| Título uniforme |
Biblioteca de autores españoles, desde la formación del lenguaje hasta nuestros días ; |
| 9 (RLIN) |
236320 |
| Designación de volumen o secuencia |
30-31 |
| 852 ## - LOCALIZACIÓN |
| Ubicación |
ES-MaACL |
| Ubicación en estantería |
Sala Pardo Bazán |
| Número de control de estantería |
B-11157 |
| Designación de la unidad física |
v.1 |
| itemnumber |
202281 |
| 852 ## - LOCALIZACIÓN |
| Ubicación |
ES-MaACL |
| Ubicación en estantería |
Sala Pardo Bazán |
| Número de control de estantería |
B-11158 |
| Designación de la unidad física |
v.2 |
| itemnumber |
202282 |
| 856 41 - LOCALIZACIÓN Y ACCESO ELECTRÓNICOS |
| Identificador Uniforme de Recursos |
<a href="http://bdh-rd.bne.es/viewer.vm?id=0000147263&page=1">http://bdh-rd.bne.es/viewer.vm?id=0000147263&page=1</a> |
| Texto de enlace |
Versión en línea |
| Nota pública |
(Biblioteca Digital Hispánica) |
| 942 ## - ELEMENTOS DE ENTRADA SECUNDARIOS (KOHA) |
| Suprimir en OPAC |
No |
| Tipo de ítem Koha |
Libro impreso antiguo |